Statistics for The most streamed artists worldwide in 2020

Click here to take the quiz!

General Stats

  • This quiz has been taken 83 times
  • The average score is 4 of 10

Answer Stats

HintAnswer% Correct
2.Taylor Swift
91%
3.Ariana Grande
71%
2.Drake
69%
5.The Weeknd
59%
1.Bad Bunny
41%
4.Dua Lipa
40%
1.Billie Eilish
29%
3.J Balvin
12%
4.Juice WRLD
7%
5.Halsey
4%

Score Distribution

Percentile by Number Answered

Percent of People with Each Score

Your Score History

You have not taken this quiz